Famous People Born in March Quiz Stats

 Plays Quiz Updated Apr 27, 2018

Score 0/30 Timer 07:00
1 Play Today
% Correct
Albert Einstein
94.7%
Bruce Willis
86.4%
Lady Gaga
82.9%
Mariah Carey
80.4%
Chuck Norris
75.5%
Vincent van Gogh
75.1%
Daniel Craig
73.1%
Shaquille O'Neal
71.5%
Aretha Franklin
71.5%
Vince Vaughn
69.9%
Queen Latifah
68%
Jon Bon Jovi
67.1%
Al Gore
65.7%
Rob Lowe
65%
Carrie Underwood
62%
% Correct
Peyton Manning
61.3%
Mikhail Gorbachev
59.4%
Diana Ross
57.6%
Eva Longoria
56.6%
Bryan Cranston
55.1%
Kesha
54.6%
Freddie Prinze, Jr.
51.9%
Ewan McGregor
45.8%
Eva Mendes
45.3%
Flavor Flav
42.2%
Johann Sebastian Bach
30.7%
Perez Hilton
29.9%
Matthew Gray Gubler
14.2%
Dr. Seuss
11.5%
Jack Kerouac
7.2%

You're not logged in!

Compare scores with friends on all Sporcle quizzes.
OR
Log In

Sporcle TV

Today on Sporcle TV


Watch our educational content, quiz creation guides, and fun videos on Sporcle TV.

Show Comments

Extras

Top Quizzes Today


Score Distribution

Your Account Isn't Verified!

In order to create a playlist on Sporcle, you need to verify the email address you used during registration. Go to your Sporcle Settings to finish the process.

Report this User

Report this user for behavior that violates our Community Guidelines.

Details: